000 00431 a2200169 4500
999 _c1913
_d1913
020 _a0702149217
050 _aKTZ85 CHR 1998
100 _aChristie,R.H
_eauthor
245 _aBusiness law in Zimbabwe
_cR.H Christie
264 _aSouth Africa:
_bJuta,
_c1998
300 _a546p.:
500 _aIncludes index
650 _aCommercial law--
650 _aContracts
651 _aZimbabwe
942 _2lcc
_cBK
_e2nd ed.
_h85
_iCHR
_kKTZ